000 01102nam a2200325 c 4500
999 _c23839
_d23839
003 BLK
005 20220225111427.0
008 180413b bul|||||r ||||||| ||bul||
010 _aKNG00026325000
020 _a954-799-892-7
040 _aBLK
041 _aBUL
_cBUL
072 7 _2bullib
_aРА
_xРусенски автори
072 7 _2bullib
_aЯ
_xАвтографи
080 _aБългарска литература
_b821.163.2
_x-32
_z821.163.2-32
100 1 _aЖивкова, Татяна
_eпърви автор
_9364468
139 _aЖивкова, Татяна
_bЖ 48
245 1 0 _aЖива (Отвъд видимостта на нещата)
_bПоетичен роман за еротиката
_cТатяна Живкова.
257 _aBGR
260 _bИзд. авт.
_c1998
300 _a64 с.
_c21 см
380 _aX
659 _aК
659 _aЯ
852 _aЦб 200697
852 _aК 821.163.2/Ж 48 Т
856 4 _qpdf
_u
856 4 _qpdf
_u
942 _cKNG
_n0
_s1
944 _aCR
_c15.01.2003
_kРенета_Константинова
944 _aED
_c05.11.2014
999 _d23839